[Event "Montreal op 05b"]
[Site "Montreal"]
[Date "2002.05.24"]
[Round "1"]
[White "Desautels, Richard"]
[Black "Moskvitch, Andrei"]
[Result "0-1"]
[WhiteElo "1736"]
[BlackElo "2196"]
[PlyCount "94"]
[EventDate "2002.05.24"]
[EventType "swiss"]
[EventRounds "5"]
[EventCountry "CAN"]
[SourceTitle "EXT 2009"]
[Source "ChessBase"]
[SourceDate "2008.11.26"]
[SourceVersion "1"]
[SourceVersionDate "2008.11.26"]
[SourceQuality "1"]

1. d4 d5 2. Nf3 c5 3. g3 cxd4 4. Nxd4 e5 5. Nb3 Nc6 6. Bg2 Be6 7. 0-0 Be7 8. Nc3 Nf6 9. Bg5 d4 10. Bxf6 Bxf6 11. Ne4 0-0 12. Nxf6+ Qxf6 13. Nc5 Bc8 14. e3 dxe3 15. fxe3 Qe7 16. Nd3 Be6 17. Bxc6 bxc6 18. Nxe5 Bh3 19. Nxc6 Qc5 20. Qd5 Qxd5 21. Ne7+ Kh8 22. Nxd5 Bxf1 23. Kxf1 Rac8 24. c3 Rfd8 25. e4 Rc4 26. Re1 Re8 27. e5 Rc5 28. Nb4 Rcxe5 29. Rxe5 Rxe5 30. Nc6 Re6 31. Nxa7 Ra6 32. Nb5 Rxa2 33. b4 Rxh2 34. Nd6 Rd2 35. Nxf7+ Kg8 36. Ne5 Rd5 37. Nc6 Rd3 38. c4 Rxg3 39. b5 Rb3 40. Ne7+ Kf7 41. Nd5 Ke6 42. Nc7+ Kd7 43. Na6 Rb2 44. Nc5+ Kd6 45. Nd3 Rd2 46. Nf2 Rd4 47. Ke2 Rxc4 0-1